<?xml version="1.0" encoding="UTF-8"?><?xml-stylesheet type="text/xsl" href="static/style.xsl"?><OAI-PMH xmlns="http://www.openarchives.org/OAI/2.0/" xmlns:xsi="http://www.w3.org/2001/XMLSchema-instance" xsi:schemaLocation="http://www.openarchives.org/OAI/2.0/ http://www.openarchives.org/OAI/2.0/OAI-PMH.xsd"><responseDate>2026-04-13T04:07:47Z</responseDate><request verb="GetRecord" identifier="oai:www.recercat.cat:2072/462675" metadataPrefix="marc">https://recercat.cat/oai/request</request><GetRecord><record><header><identifier>oai:recercat.cat:2072/462675</identifier><datestamp>2024-11-04T04:10:02Z</datestamp><setSpec>com_2072_98</setSpec><setSpec>col_2072_378192</setSpec></header><metadata><record xmlns="http://www.loc.gov/MARC21/slim" xmlns:dcterms="http://purl.org/dc/terms/" xmlns:xsi="http://www.w3.org/2001/XMLSchema-instance" xmlns:doc="http://www.lyncode.com/xoai" xsi:schemaLocation="http://www.loc.gov/MARC21/slim http://www.loc.gov/standards/marcxml/schema/MARC21slim.xsd">
   <leader>00925njm 22002777a 4500</leader>
   <datafield ind2=" " ind1=" " tag="042">
      <subfield code="a">dc</subfield>
   </datafield>
   <datafield ind2=" " ind1=" " tag="720">
      <subfield code="a">Muñoz, Wilson</subfield>
      <subfield code="e">author</subfield>
   </datafield>
   <datafield ind2=" " ind1=" " tag="720">
      <subfield code="a">Fernández Mostaza, Esther</subfield>
      <subfield code="e">author</subfield>
   </datafield>
   <datafield ind2=" " ind1=" " tag="720">
      <subfield code="a">Soto Lara, José Julián</subfield>
      <subfield code="e">author</subfield>
   </datafield>
   <datafield ind2=" " ind1=" " tag="260">
      <subfield code="c">2022</subfield>
   </datafield>
   <datafield ind2=" " ind1=" " tag="520">
      <subfield code="a">Wilson Muñoz-Henríquez obtained funding by the UNESCO/Japan Young Researchers' Fellowship Programme, UNESCO-France and the Government of Japan, and the scholarship program Becas Chile N◦ 72150364, ANID-Chile.</subfield>
   </datafield>
   <datafield ind2=" " ind1=" " tag="520">
      <subfield code="a">In recent years, Christian Pentecostalism has been one of the most successful religious movements in the province of Barcelona, while the high level of immigration from Latin America has clearly been an influential factor in its development. Yet, despite the fact that Pentecostalism has played a prominent role in religious diversification in Catalonia, it has been the subject of very few studies. This paper seeks to address this gap in research and shed light on an area of fundamental importance to the movement: its ritual dimension. Drawing on ethnographic information from the Iglesia Evangélica el Vallès (Canovelles), we describe and analyze the principal channels of communication with the sacred established by the Latin American Pentecostals. In our conclusions, we show that the communicative practices developed during worship are oriented toward manifesting the presence of the Holy Spirit, leading to the emergence of ritual condensation around this symbolic force. For this purpose, practices such as "praise", the "laying on of hands" and "speaking in tongues" establish sequential and progressive communication with the Holy Spirit throughout the process of worship, culminating in mimetic communication.</subfield>
   </datafield>
   <datafield ind1="8" ind2=" " tag="024">
      <subfield code="a">http://hdl.handle.net/2072/462675</subfield>
   </datafield>
   <datafield tag="653" ind2=" " ind1=" ">
      <subfield code="a">Latin American Pentecostalism</subfield>
   </datafield>
   <datafield tag="653" ind2=" " ind1=" ">
      <subfield code="a">Communication</subfield>
   </datafield>
   <datafield tag="653" ind2=" " ind1=" ">
      <subfield code="a">Ritual</subfield>
   </datafield>
   <datafield ind2="0" ind1="0" tag="245">
      <subfield code="a">The Spirit Is within Us! Ritual Practices of Latin American Pentecostals in Barcelona</subfield>
   </datafield>
</record></metadata></record></GetRecord></OAI-PMH>